[Event "Budapest FS12 FM-B"]
[Site "Budapest"]
[Date "2015.12.11"]
[Round "6"]
[White "Atmatzidis Hatziris, Konstantinos"]
[Black "Szlenka, Attila"]
[Result "0-1"]
[WhiteElo "1504"]
[BlackElo "1776"]
[PlyCount "92"]
[EventDate "2015.12.05"]
[EventType "tourn"]
[EventRounds "9"]
[EventCountry "HUN"]
[SourceTitle "CBM 170 Extra"]
[Source "ChessBase"]
[SourceDate "2016.02.25"]
[SourceVersion "1"]
[SourceVersionDate "2016.02.25"]
[SourceQuality "1"]

1. b3 c5 2. c4 Nc6 3. Bb2 Nf6 4. f4 d5 5. cxd5 Nxd5 6. e3 Bf5 7. Nc3 Nxc3 8. dxc3 Qa5 9. Bc4 e6 10. Nf3 Be7 11. 0-0 0-0 12. Qe2 Bf6 13. e4 Bg4 14. e5 Be7 15. h3 Bxf3 16. gxf3 Rfd8 17. Kh1 Qc7 18. Rg1 Bf8 19. Rae1 Ne7 20. Rg4 Kh8 21. Bd3 g6 22. Reg1 Qd7 23. Rd1 Qc6 24. Be4 Qc7 25. Rgg1 Bh6 26. f5 gxf5 27. Bb1 Rxd1 28. Rxd1 Rd8 29. Rxd8+ Qxd8 30. c4 Qd2 31. Qxd2 Bxd2 32. Kg2 Bf4 33. Kf2 Nc6 34. Ke2 Bxe5 35. Bxe5+ Nxe5 36. Ke3 a5 37. Kf4 f6 38. Bxf5 exf5 39. Kxf5 Kg7 40. f4 Nd3 41. Ke4 Nf2+ 42. Kd5 Nxh3 43. f5 h5 44. Kxc5 Nf4 45. Kd4 Ne2+ 46. Ke3 Nc1 0-1